000 00607nam a2200229Ia 4500
003 OSt
005 20220923230137.0
006 a|||||r|||| 00| 0
007 ta
008 Pun
024 _a277,760
037 _cTextual
040 _aARTS
_cARTS
_bPun
041 _2Pun
_aPun
082 _aO153,3NPR:g, M1
100 _aਸਿੰਘ, ਅਤੈ
245 0 _aਪ੍ਰੇਮ ਪ੍ਰਕਾF ਦੀ ਕਥਾ ਵਿਧੀ
260 _c1981
650 _aਪੰਜਾਬੀ ਸਾਹਿਤ
942 _hO153,3NPR:g, M1
_cTEXL
_2CC
999 _c382811
_d382811